000 00784cam a2200253 i 4500
001 17832
003 BD-RjUL
005 20211209000211.0
008 140219s1976 ii a b 000 0 eng d
035 _a(BD-RjUL)17890
040 _aDLC
_cDLC
_dDLC
_dBD-RjUL
_beng
041 _aeng
082 0 0 _a722.4
_bMEM 1976
100 1 _aMehta, Rustam Jehangir.
_922158
245 1 0 _aMasterpieces of Indo-Islamic architecture /
_cintrod. and notes by Rustam J. Mehta.
260 _aBombay :
_bTaraporevala,
_c1976.
300 _aviii, 70, 100 p. :
_bchiefly ill. ;
_c28 cm.
504 _aIncludes bibliographical references.
650 0 _aArchitecture, Mogul.
_952953
650 0 _aIslamic architecture
_zIndia.
_950382
942 _2ddc
_cBK
999 _c17832
_d17832